Corea como una economía del conocimiento : (Registro nro. 62438)

Detalles MARC
000 -LEADER
campo de control de longitud fija 01430nam a22002657a 4500
001 - NÚMERO DE CONTROL
campo de control PE-LiUPU
003 - IDENTIFICADOR DE NÚMERO DE CONTROL
campo de control PE-LiUPU
005 - FECHA Y HORA DE LA ÚLTIMA TRANSACCIÓN
campo de control 20240515174928.0
008 - DATOS DE LONGITUD FIJA--INFORMACIÓN GENERAL
campo de control de longitud fija 240515b |||||||| |||| 00| 0 spa d
020 ## - NÚMERO INTERNACIONAL ESTÁNDAR DEL LIBRO
Número Internacional Estándar del Libro 8782788307510
040 ## - FUENTE DE CATALOGACIÓN
Centro catalogador/agencia de origen PE-LiUPU
Lengua de catalogación spa
Centro/agencia transcriptor PE-LiUPU
Normas de descripción rda
082 ## - NÚMERO DE LA CLASIFICACIÓN DECIMAL DEWEY
Número de edición 23
Número de clasificación 330.95195
245 ## - MENCIÓN DEL TÍTULO
Título Corea como una economía del conocimiento :
Resto del título Proceso evolutivo y enseñanzas /
264 ## - PRODUCCIÓN, PUBLICACIÓN, DISTRIBUCIÓN, FABRICACIÓN Y COPYRIGHT
Producción, publicación, distribución, fabricación y copyright Washington :
Nombre del de productor, editor, distribuidor, fabricante Banco Mundial ;
Fecha de producción, publicación, distribución, fabricación o copyright 2008.
300 ## - DESCRIPCIÓN FÍSICA
Extensión 216 páginas :
Otras características físicas ilustrado ;
Dimensiones 23 centímetros.
500 ## - NOTA GENERAL
Nota general Incluye prólogo, agradecimientos , siglas y abreviaturas al inicio del libro. Además de cuadros, gráficos y recuadros.
504 ## - NOTA DE BIBLIOGRAFÍA, ETC.
Nota de bibliografía, etc. Incluye referencias.
505 ## - NOTA DE CONTENIDO CON FORMATO
Nota de contenido con formato Introducción -- Panorama del proceso de desarrollo coreano hasta 1997 -- Los retos para las estrategias de desarrollo de Corea -- Diseñar un nuevo marco estructural económico -- Tecnologías de información y comunicaciones para una economía basada en el conocimiento- Alcanzar las habilidades y los recursos humanos necesarios -- Aprovechar el potencial de la ciencia y la tecnología -- Evaluación y enseñanza
650 #0 - PUNTO DE ACCESO ADICIONAL DE MATERIA--TÉRMINO DE MATERIA
Término de materia o nombre geográfico como elemento de entrada Administración del conocimiento
Subdivisión geográfica Corea del Sur
9 (RLIN) 4074
650 #0 - PUNTO DE ACCESO ADICIONAL DE MATERIA--TÉRMINO DE MATERIA
Término de materia o nombre geográfico como elemento de entrada Industrias de alta tecnología
Subdivisión geográfica Corea del Sur
9 (RLIN) 4075
651 #0 - PUNTO DE ACCESO ADICIONAL DE MATERIA--NOMBRE GEOGRÁFICO
Nombre geográfico Corea del Sur
Subdivisión general Política económica
Subdivisión cronológica 1960-1988
9 (RLIN) 4077
700 ## - ENTRADA AGREGADA--NOMBRE PERSONAL
Nombre de persona Suh, Joonghae
Término indicativo de función/relación editor
9 (RLIN) 4079
700 ## - ENTRADA AGREGADA--NOMBRE PERSONAL
Nombre de persona H.C. Chen, Derek.
Término indicativo de función/relación editor.
9 (RLIN) 4080
942 ## - ELEMENTOS DE ENTRADA SECUNDARIOS (KOHA)
Fuente del sistema de clasificación o colocación Clasificación Decimal Dewey
Tipo de ítem Koha Libros físicos
Suprimir en OPAC No
980 ## - EQUIVALENCIA O REFERENCIA-CRUZADA-MENCIÓN DE SERIE--NOMBRE DE PERSONA/TÍTULO [LOCAL, CANADÁ]
ID del usuario creador del registro 18228
Nombre del creador del registro Christian Lazo Analista Documental
ID del último usuario que modificó el registro 18228
Nombre del último usuario que modificó el registro Christian Lazo Analista Documental

No hay ítems disponibles.